Arp : quarante-six reproductions / quarante-six reproductions /
Descripción Física:
78 pàgines, il·lustracions ; 19 cm
Colección:
Le Musée de Poche
Idioma:
French
MARC
| LEADER | 00000nam a2200000 a 4500 | ||
|---|---|---|---|
| 001 | 24855 | ||
| 008 | 220622b fr ||||| |||| 00| 0 fre d | ||
| 080 | |a Bib- | ||
| 100 | |9 53594 |a Cathelin, Jean | ||
| 245 | |a Arp : |b quarante-six reproductions / |c Jean Cathelin | ||
| 260 | |a Paris : |b Éditions Georges Fall, |c 1959 | ||
| 300 | |a 78 pàgines, |b il·lustracions ; |c 19 cm | ||
| 490 | |a Le Musée de Poche | ||
| 500 | |a Fons Junyer-Canals, C-47 | ||
| 600 | 0 | |9 53595 |a Arp, Jean, |d 1887-1966 | |
| 650 | 0 | |a Pintors |y S. XX |z França | |
| 650 | 0 | |a Escultors |y S. XX |z França | |
| 942 | |2 udc |c ARXIU |n 1 | ||
| 952 | |0 0 |1 0 |2 udc |4 0 |6 BIB879 |7 1 |9 62517 |a Arxiu |b Arxiu |d 2022-06-22 |o Bib-879 |p 24855 |r 2022-06-22 00:00:00 |w 2022-06-22 |y ARXIU | ||
| 999 | |c 82121 |d 82121 | ||